[Event "FIDE Womens Grand Prix 2019-20"]
[Site "Skolkovo"]
[Date "2019.09.22"]
[Round "11.4"]
[White "Kashlinskaya, Alina"]
[Black "Paehtz, Elisabeth"]
[Result "0-1"]
[WhiteElo "2487"]
[BlackElo "2479"]
[Annotator "TA"]
[PlyCount "200"]
[EventDate "2019.09.11"]
[EventType "tourn"]
[EventCountry "RUS"]
[SourceTitle "playchess.com"]
[Source "ChessBase"]
[SourceQuality "1"]

{[%evp 9,200,22,22,18,22,25,24,-10,-10,-25,-10,-14,-10,-10,0,0,0,-24,0,0,0,-234,-26,-16,-16,-160,-54,-93,-96,-99,-43,-48,-48,-48,-59,-49,-56,-56,-54,-63,-67,-80,-70,-85,-58,-114,-125,-195,-191,-191,-191,-191,-191,-192,-192,-202,-194,-201,-203,-352,-226,-323,-95,-102,0,-218,0,-116,0,-193,-78,-353,0,0,0,-334,-330,-314,-254,-468,-180,-175,-164,-153,-147,-168,-160,-139,-145,-154,-146,-144,-132,-418,-451,-427,-386,-1042,-518,-939,-889,-1042,-636,-1043,-435,-438,-133,-1072,-1075,-1045,-996,-1062,-1056,-1019,-910,-868,-534,-679,-568,-394,-426,-933,-300,-1263,-1017,-29958,-29956,-29963,-29963,-29962,-29965,-29963,-29964,-29972,-29973,-29974,-29974,-29979,-29980,-29980,-29981,-29981,-29982,-29983,-29977,-29976,-29977,-29977,-29972,-29972,-29971,-29971,-29972,-29969,-29969,-29977,-29978,-29978,-29974,-29979,-29980,-29980,-29981,-29981,-29978,-29979,-29978,-29975,-29976,-29976,-29977,-29977,-29978,-29978,-29979,-29981,-29982,-29982,-29983,-29981,-29982,-29985,-29986,-29986,-29987,-29988,-29989,-29989,-29988,-29990,-29990,-29990,-29991]} 1. d4 e6 2. c4 Bb4+ 3. Bd2 a5 4. e4 d5 5. a3 Bxd2+ 6. Nxd2 {A40: Unusual replies to 1 d4} Ne7 7. Ngf3 Nbc6 8. exd5 $146 {White has an edge.} ({Predecessor:} 8. Be2 O-O 9. O-O b6 10. cxd5 exd5 11. e5 Nf5 12. Nb1 f6 {0-1 (35) Bekker Jensen,S (2460)-Edouard,R (2648) Grosseto Prugna 2016}) 8... exd5 9. c5 O-O {Threatening ...Nf5.} 10. Bb5 $1 Nf5 11. Bxc6 $1 bxc6 12. O-O Qf6 13. Nb1 Re8 (13... Ba6 $5 14. Re1 $8 Rfe8 $11) 14. Re1 $1 {[%cal Re1e8]} Ba6 {Hoping for ...Nxd4!} 15. Rxe8+ Rxe8 16. Nc3 g5 17. Qa4 (17. h3 $11) 17... Bc4 (17... g4 $1 $17 {[%cal Rg4f3]} 18. Ne5 Nxd4 $1 {[%mdl 512]} 19. Nxg4 Qf4) 18. Ne5 Nxd4 19. Nxc4 dxc4 (19... Ne2+ $17 20. Nxe2 Rxe2) 20. Qxc4 $15 Qf4 21. Qd3 Nb3 $40 {[%mdl 128] White needs to defend precisely.} 22. Qd7 Qe5 {( -> ...Qe1+!)} 23. Rf1 Re6 24. Qd8+ Kg7 $1 25. h3 Nxc5 26. Nd1 Ne4 27. Re1 ({White should try} 27. Qd3 $1 $15) 27... Qd6 $17 28. Qb8 {[#]} (28. Qxd6 $17 cxd6 29. Ne3) 28... Nxf2 $1 {[%mdl 512]} 29. Rxe6 (29. Nxf2 Rxe1#) 29... Nxh3+ $1 ({And not} 29... Qxe6 30. Kxf2 Qf5+ 31. Kg1 $16) 30. gxh3 Qxd1+ 31. Kf2 fxe6 32. Qxc7+ $19 {[%mdl 4096] Endgame KQ-KQ} Kg6 33. Qxc6 Qd4+ 34. Ke1 (34. Kf3 $142 Qd3+ 35. Kf2) 34... Qe5+ ({Less strong is} 34... Qxb2 35. Qxe6+ Qf6 36. Qg8+ Kh6 37. Qd5 $17) 35. Kf1 (35. Kd1 $142) 35... Qf5+ $2 (35... Qxb2 $19 {is more deadly.} 36. Qe8+ Kf5 37. Qf7+ Qf6 38. Qxh7+ Kf4) 36. Ke2 $17 Qe5+ (36... Qxh3 $2 37. b4 $19) (36... Kf6 $1 $17 37. b4 Qe5+ 38. Kd3 Qf5+ 39. Kd4 Qf2+ 40. Kc3 axb4+ 41. axb4 Qe3+ 42. Kc4 Qxh3) 37. Kd3 $2 (37. Kf1 $11) 37... Qf5+ ({But not} 37... Qxb2 38. Qxe6+ Qf6 39. Qg8+ Kh6 40. Ke2 $17) (37... Qg3+ $19 38. Kd4 Kf6) 38. Ke2 $1 Qe5+ (38... Qxh3 $2 39. b4 $19) (38... Kf6 $1 $17 39. b4 Qe5+ 40. Kd3 Qg3+ 41. Kd4 Qg1+ 42. Kc4 Qf1+ 43. Kc5 axb4 44. axb4 Qxh3) 39. Kd3 $19 Qxb2 (39... Qg3+ $19 {has better winning chances.} 40. Kd4 Kf6) 40. Qe8+ $2 {[%mdl 8192]} (40. Qxe6+ $17 Qf6 41. Qg8+ Kh6 42. Ke2) 40... Kg7 $2 (40... Kf5 $19 41. Qf7+ Qf6 42. Qxh7+ Kf4) 41. Qe7+ $11 Kg6 $2 {[%mdl 8192]} (41... Kh6 $11 42. Qxe6+ Kh5) 42. Qe8+ $1 $19 Kf5 43. Qf7+ Qf6 44. Qxh7+ $2 (44. Qc7) 44... Qg6 $2 (44... Kf4 {...Qf5+ is the strong threat.} 45. Qc7+ e5 46. Qxa5 e4+ 47. Kc2 Kg3) 45. Qc7 Kf6+ $1 46. Kd2 Qf5 $1 {[%cal Rf5f4] White must now prevent ...Qf4+.} 47. Qd8+ Kf7 48. Qc7+ Kg6 {aiming for ...Qf4+.} 49. Qc3 Qf4+ 50. Ke2 a4 51. Qh8 $2 {[%mdl 8192]} (51. Qd3+ $17 Qf5 52. Qd7) 51... Qe4+ 52. Kd2 Qd5+ 53. Ke3 $2 (53. Ke1 Kf5 54. Qf8+ Ke4 55. Qb4+ Qd4 56. Qe7) 53... Qc5+ $1 54. Ke4 (54. Ke2 $142 Qxa3 55. Qg8+ Kf6 56. Qh8+ Kf5 57. Qh7+ Kf4 58. Qc7+ e5 59. Qf7+ Kg3 60. Qf2+ Kxh3 61. Qf5+ Kh4 62. Qxe5) 54... Qc2+ 55. Kf3 Qd1+ 56. Kg3 Qg1+ (56... Qd6+ $142 57. Kg2 Qxa3 58. Qe8+ Kf6 59. Qh8+ Kf5 60. Qh7+ Ke5 61. Qg7+ Ke4 62. Qh7+ Kd4 63. Qa7+ Kd3 64. Qd7+ Kc3 65. Qxe6 Qc5) 57. Kf3 Qf1+ $1 58. Kg3 $2 {[%mdl 8192]} (58. Ke3 $17) 58... Qf4+ 59. Kg2 Qe4+ 60. Kg3 Qe3+ 61. Kg2 Qxa3 62. Qg8+ Kf6 63. Qh8+ Ke7 64. Qg7+ Ke8 65. Qxg5 (65. Qh8+ $142 Qf8 66. Qh5+ Qf7 67. Qxg5) 65... Qb2+ $2 (65... Qb3 {Threatens to win with ...Qd5+.} 66. Qg6+ Kd7 67. Qf7+ Kc6 68. Qe8+ Kc5) 66. Kf3 $2 (66. Kf1 a3 67. Qh5+ Ke7 68. Qc5+ Kd7 69. Qa7+ Kd6 70. Qa6+ Ke5 71. Qc4) 66... Qc3+ 67. Kg2 a3 {[%cal Ba4a3,Ba3a2][%mdl 32] Black mates.} 68. Qb5+ Ke7 69. Qb7+ Kf6 70. Qa8 Qd2+ 71. Kg3 a2 72. Qf8+ Ke5 $1 73. Qc5+ Ke4 74. Qc4+ Kf5 75. Qg4+ Kf6 76. Qf3+ Ke7 77. Qb7+ {[#]} Qd7 $1 78. Qb2 Qd3+ 79. Kh2 Qd6+ 80. Kg2 Qd5+ 81. Kh2 e5 82. h4 e4 83. Qg7+ Ke8 84. Qh8+ {[#]} Kd7 $1 85. Qg7+ Kc6 86. Qc3+ Qc5 87. Qb2 Qd6+ 88. Kg2 e3 89. Qc2+ Kd7 90. Qh7+ Qe7 91. Qd3+ Ke8 92. Qb5+ Kf8 93. Qb8+ Kf7 94. Qa8 Qe6 95. Qf3+ Kg7 96. Qb7+ Kh6 97. Qb2 Qg4+ {[%mdl 64] Double Attack} 98. Kh2 Qf4+ 99. Kh3 Qf3+ 100. Kh2 {[#]} Qf2+ $1 {Accuracy: White = 40%, Black = 68%.} 0-1

[Event "FIDE Womens Grand Prix 2019-20"]
[Site "Skolkovo"]
[Date "2019.09.22"]
[Round "11.5"]
[White "Kosteniuk, Alexandra"]
[Black "Stefanova, Antoaneta"]
[Result "0-1"]
[WhiteElo "2495"]
[BlackElo "2491"]
[Annotator "ChessBase"]
[PlyCount "66"]
[EventDate "2019.09.11"]
[EventType "tourn"]
[EventCountry "RUS"]
[SourceTitle "playchess.com"]
[Source "ChessBase"]
[SourceQuality "1"]
[TimeControl "40/5400+30:1800+30"]

1. e4 {[%emt 0:00:00]} e5 {[%emt 0:00:00]} 2. Nf3 {[%emt 0:00:00]} Nc6 {[%emt 0:00:00]} 3. Bb5 {[%emt 0:00:00]} a6 {[%emt 0:00:58]} 4. Ba4 {[%emt 0:00:00]} Nf6 {[%emt 0:00:35]} 5. O-O {[%emt 0:00:10]} Be7 {[%emt 0:06:28]} 6. d3 {[%emt 0:01:01]} b5 {[%emt 0:12:49]} 7. Bb3 {[%emt 0:00:07]} O-O {[%emt 0:01:41]} 8. Nc3 {[%emt 0:00:10]} Bb7 {[%emt 0:16:20]} 9. a3 {[%emt 0:04:18]} d6 {[%emt 0:07:54]} 10. Ba2 {[%emt 0:07:32]} h6 {[%emt 0:05:33]} 11. Re1 {[%emt 0:07:24]} Re8 {[%emt 0:01:13]} 12. b4 {[%emt 0:16:56]} Qd7 {[%emt 0:05:03]} 13. Bb2 {[%emt 0:03:23]} Bf8 {[%emt 0:02:14]} 14. Nd5 {[%emt 0:01:43]} Nxd5 {[%emt 0:01:27]} 15. Bxd5 {[%emt 0:07:29]} Rab8 {[%emt 0:00:07]} 16. c4 {[%emt 0:03:15]} Ne7 {[%emt 0:04:10]} 17. Bxb7 {[%emt 0:04:28]} Rxb7 {[%emt 0:00:01]} 18. d4 {[%emt 0:00:58]} exd4 {[%emt 0:04:29]} 19. Qxd4 {[%emt 0:01:08]} c5 {[%emt 0:00:53]} 20. bxc5 {[%emt 0:04:36]} Nc6 {[%emt 0:00:09]} 21. Qc3 {[%emt 0:02:36]} dxc5 {[%emt 0:00:21]} 22. Rad1 {[%emt 0:00:16]} Qc7 {[%emt 0:02:48]} 23. cxb5 {[%emt 0:04:56]} axb5 {[%emt 0:07:10]} 24. Rd5 {[%emt 0:00:07]} c4 {[%emt 0:01:19]} 25. Nh4 {[%emt 0:03:10]} b4 {[%emt 0:09:55]} 26. Qc1 {[%emt 0:00:44]} c3 {[%emt 0:01:41]} 27. Ba1 {[%emt 0:00:04]} Ra8 {[%emt 0:01:26]} 28. axb4 {[%emt 0:01:53]} Nxb4 {[%emt 0:00:13]} 29. Rdd1 {[%emt 0:00:06]} Rxa1 {[%emt 0:02:15]} 30. Qxa1 {[%emt 0:00:04]} Nc2 {[%emt 0:00:06]} 31. Qa2 {[%emt 0:03:30]} Rb2 {[%emt 0:02:05]} 32. Qa8 {[%emt 0:03:38]} Nxe1 {[%emt 0:00:37]} 33. Rd8 {[%emt 0:00:05]} Qc5 {[%emt 0:01:34]} 0-1

[Event "FIDE Womens Grand Prix 2019-20"]
[Site "Skolkovo"]
[Date "2019.09.22"]
[Round "11.6"]
[White "Goryachkina, Aleksandra"]
[Black "Cramling, Pia"]
[Result "1-0"]
[WhiteElo "2564"]
[BlackElo "2487"]
[Annotator "TA"]
[PlyCount "159"]
[EventDate "2019.09.11"]
[EventType "tourn"]
[EventCountry "RUS"]
[SourceTitle "playchess.com"]
[Source "ChessBase"]
[SourceQuality "1"]

{[%evp 12,159,21,13,21,0,0,0,12,-4,0,0,1,-6,0,0,13,13,19,25,45,19,29,18,53,40,52,47,88,80,80,79,80,47,59,75,88,64,64,25,68,63,66,50,95,27,93,92,126,93,83,22,17,16,66,53,73,72,70,73,64,68,63,76,70,61,62,69,112,88,118,81,127,102,97,104,127,95,102,53,85,0,101,93,83,58,67,85,82,87,188,181,166,91,222,222,440,440,440,410,370,355,634,647,568,673,501,643,425,642,635,581,562,437,535,340,336,339,730,717,677,672,1175,1127,2462,2289,1550,775,751,708,684,675,641,631,553,522,1704,1728,2045,1936,4141,953,4148,4148,2046,1592,4145,4141,4141,4141]} 1. d4 Nf6 2. c4 e6 3. Nf3 Bb4+ 4. Bd2 a5 5. g3 O-O 6. Bg2 d5 7. O-O c6 {E11: Bogo-Indian} 8. Qb3 Be7 9. Rc1 Nbd7 {The position is equal.} 10. a4 Ne4 11. Be1 f5 12. Nc3 Bf6 $146 ({Predecessor:} 12... Kh8 13. e3 Qe8 14. Ne2 g5 15. Nd2 Qh5 16. f3 {1-0 (43) Salov,V (2630)-Short,N (2650) Rotterdam 1989}) 13. e3 Kh8 14. Qc2 Qe7 15. Ne2 g5 16. Rab1 Nd6 17. b3 Bg7 18. Bc3 Ne4 19. Bb2 Nb8 {[%cal Bd7b8,Bb8a6,Ba6b4][%mdl 32]} 20. Ne5 Na6 21. f3 Nb4 22. Qd1 Nd6 23. Ba3 dxc4 24. bxc4 c5 25. Nd3 b6 26. dxc5 (26. Bxb4 cxb4 27. c5 bxc5 $11) 26... bxc5 27. Nxc5 Rd8 $1 {[#] Threatens to win with ...Qa7.} 28. Nd3 (28. Qe1 $16) 28... Nxc4 (28... Ba6 $11 {remains equal.} 29. Nxb4 (29. Bxb4 axb4 30. Nxb4 Nxc4 $11) 29... Nxc4) 29. Rxc4 $16 {[%cal Ra3b4]} Ba6 30. Bxb4 axb4 31. Qb3 (31. Rbxb4 $16 {aiming for f4.} Rxd3 {[%mdl 64] Remove Defender} 32. Qxd3 Qxb4 33. Rxb4 Bxd3 34. Kf2) 31... Bxc4 $11 32. Qxc4 Rxa4 33. Kf2 {[%cal Rd3b4]} Qd6 34. Rxb4 Ra3 35. Ndc1 $1 ({Reject} 35. Nec1 Rc3 $11) 35... Raa8 36. Rb3 Rac8 37. Qb5 Rb8 38. Qd3 Qxd3 39. Rxd3 Rdc8 40. Nb3 Kg8 41. Nbd4 Kf7 42. Rd2 Rb6 43. Ra2 Rc7 44. f4 g4 45. Ra5 Bf6 46. Ra2 Bg7 $1 47. Bf1 Bf6 48. Nc2 Rb2 49. Rxb2 Bxb2 50. Ned4 (50. Ncd4 {is more complex.} Kf6 51. h3 Rd7 52. Bg2 Rd8 53. hxg4 fxg4 54. Nc6) 50... Bxd4 (50... Kf6 $16) 51. Nxd4 $18 Kf6 52. h3 (52. h4 $18) 52... h5 {[#]} (52... Rb7 $16) 53. h4 $1 Rc3 $2 (53... Rc1 {was worth a try.} 54. Bb5 Rb1) 54. Bb5 Ke7 55. Ke2 Rc1 56. Ba4 Rg1 $2 (56... Kf6 57. Bb3 Rg1) 57. Kf2 Rb1 58. Bb3 Rb2+ 59. Kf1 Rb1+ 60. Ke2 Rb2+ 61. Kd3 Rg2 62. Bxe6 Kf6 63. Bc8 Rxg3 64. Nxf5 Rh3 $2 (64... Rf3 65. Ke4 Rf2) 65. Ke4 {White is clearly winning.} Rh2 66. Bd7 Kf7 67. Ke5 Rh3 68. Be6+ Kf8 69. Ke4 Rh1 70. Kd3 Rh2 71. Bd5 Ke8 72. Ng7+ Ke7 73. Nxh5 Rxh4 74. Ng3 Rh3 75. Nf1 Kf6 76. Bg2 (76. Ke2 $142 Kf5 77. Kf2) 76... Rh7 77. Ke2 Ra7 78. Kf2 Kg6 79. Kg3 Kh5 80. Nh2 {Accuracy: White = 60%, Black = 37%.} 1-0